<The> Economics of transition

Guardado en:
Detalles Bibliográficos
Formato: Seriadas
Lenguaje:inglés
Publicado: Oxford Blackwell Publ. 2011
Materias:
Etiquetas: Agregar Etiqueta
Sin Etiquetas, Sea el primero en etiquetar este registro!

MARC

LEADER 00000nas2a2200000 4500
001 0212023
005 20160204084636.9
022 |a 0967-0750 
041 0 |a eng 
044 |a GB 
245 1 0 |a <The> Economics of transition 
264 1 |a Oxford  |b Blackwell Publ.  |c 2011 
773 0 |w eu_un_cat*s120443 
610 2 0 |a reformy hospodárske 
610 2 0 |a SVE 
610 2 0 |a hospodárstvo trhové 
610 2 0 |a vývoj hospodársky